Nekamenujme cenaře.

Zákon o cenách v ČSFR čerpal zo skúseností krajín s vyspelou trhovou ekonomikou pri usmerňovaní cien štátom. Liberalizácia cien v podmienkach nerozvinutej hospodárskej súťaže potrebuje podporu štátu. Tú má zabezpečiť aj štátna regulácia cien. Regulácia cien vo vyspelých ekonomikách a opatrenia obsia...

Celý popis

Uložené v:
Podrobná bibliografia
Hlavný autor: Fürstová, J.
Médium: Kapitola
Jazyk:Czech
Predmet:
Tagy: Pridať tag
Žiadne tagy, Buďte prvý, kto otaguje tento záznam!

MARC

LEADER 00000naa a2200000 4500
001 r003532
005 20221125080123.8
041 0 |a cze 
044 |a [CS] 
245 1 0 |a Nekamenujme cenaře.  |c J. Fürstová 
520 |a Zákon o cenách v ČSFR čerpal zo skúseností krajín s vyspelou trhovou ekonomikou pri usmerňovaní cien štátom. Liberalizácia cien v podmienkach nerozvinutej hospodárskej súťaže potrebuje podporu štátu. Tú má zabezpečiť aj štátna regulácia cien. Regulácia cien vo vyspelých ekonomikách a opatrenia obsiahnuté v čs. zákone o cenách. 
610 2 0 |a ceny 
610 2 0 |a zákony 
610 2 0 |a ČSFR 
610 2 0 |a liberalizácia 
610 2 0 |a tvorba cien 
610 2 0 |a regulácia cenová 
100 1 |a Fürstová, J.